| 000 | 00623nam a2200229Ia 4500 | ||
|---|---|---|---|
| 005 | 20241129110049.0 | ||
| 008 | 241129s9999||||xx |||||||||||||| ||und|| | ||
| 020 | _a9788176464970 | ||
| 037 | _aREF | ||
| 040 |
_aARTS _beng _cARTS |
||
| 041 |
_aeng _2eng |
||
| 084 |
_aQ2:31 R2.3(RR) _qARTS |
||
| 100 | _aNagar Shantilal Au. | ||
| 245 | 0 |
_aIndian gods and goddesses _cNagar Shantilal Au. |
|
| 260 |
_aDelhi, India _bB.R. Publishing Corporation _c2023 |
||
| 300 | _axx,280p. | ||
| 365 |
_aINR _b4500 |
||
| 490 | _v V3 | ||
| 650 | _aHinduism | ||
| 942 |
_cREF _hQ2:31 R2.3(RR) |
||
| 999 |
_c1227165 _d1227165 |
||